[Event "Landesliga U20 Sued 1011"]
[Site "Bayern"]
[Date "2010.12.04"]
[Round "3.3"]
[White "Peutler, Mario"]
[Black "Hofer, Tobias"]
[Result "0-1"]
[WhiteElo "1689"]
[BlackElo "1572"]
[PlyCount "60"]
[EventDate "2010.10.16"]
[EventType "team-tourn"]
[EventRounds "7"]
[EventCountry "GER"]
[SourceTitle "EXT 2022"]
[Source "ChessBase"]
[SourceDate "2021.10.06"]
[SourceVersion "1"]
[SourceVersionDate "2021.10.06"]
[SourceQuality "1"]
[WhiteTeam "Kareth Lappersdorf U20"]
[BlackTeam "Ortenburg U20"]
[WhiteTeamCountry "GER"]
[BlackTeamCountry "GER"]

1. c4 e6 2. Nc3 d5 3. cxd5 exd5 4. d4 Nf6 5. Nf3 c6 6. e3 Bf5 7. Bd3 Bxd3 8. Qxd3 Be7 9. 0-0 Nbd7 10. Bd2 0-0 11. Rfc1 c5 12. dxc5 Nxc5 13. Qe2 Qb6 14. Rab1 Nce4 15. Nxe4 dxe4 16. Nd4 Rfd8 17. Nb3 a5 18. Bc3 Nd5 19. Bd4 Qg6 20. a3 f5 21. Nd2 f4 22. f3 Bg5 23. Nxe4 fxe3 24. Nxg5 Qxg5 25. g3 Nf4 26. Qxe3 Rxd4 27. Kh1 Rad8 28. gxf4 Qh5 29. Qb3+ Kh8 30. Qxb7 Rd2 0-1